Welcome to Marium Abdulla Library

Embrace knowledge with a breath of fresh air.

Browse Collection

Marium Abdulla Library

Art of Indonesia: (Record no. 1471)

MARC details
000 -LEADER
fixed length control field 01401nam a2200301Ia 4500
001 - CONTROL NUMBER
control field 1716
003 - CONTROL NUMBER IDENTIFIER
control field OSt
005 - DATE AND TIME OF LATEST TRANSACTION
control field 20260411124829.0
008 - FIXED-LENGTH DATA ELEMENTS--GENERAL INFORMATION
fixed length control field 211022s9999 xx 000 0 und d
010 ## - LIBRARY OF CONGRESS CONTROL NUMBER
LC control number 282894567
020 ## - INTERNATIONAL STANDARD BOOK NUMBER
International Standard Book Number 1850437467
020 ## - INTERNATIONAL STANDARD BOOK NUMBER
International Standard Book Number 9781850437468
040 ## - CATALOGING SOURCE
Transcribing agency IVS
082 ## - DEWEY DECIMAL CLASSIFICATION NUMBER
Classification number 709.598 SIM
Edition information 23
Item number 1716
100 ## - MAIN ENTRY--PERSONAL NAME
Personal name Simon, Richard
245 #0 - TITLE STATEMENT
Title Art of Indonesia:
Statement of responsibility, etc. by Richard Simon
260 ## - PUBLICATION, DISTRIBUTION, ETC.
Place of publication, distribution, etc. London
260 ## - PUBLICATION, DISTRIBUTION, ETC.
Name of publisher, distributor, etc. Tauris Parke books
260 ## - PUBLICATION, DISTRIBUTION, ETC.
Date of publication, distribution, etc. 1993
300 ## - PHYSICAL DESCRIPTION
Extent 239 pages :
Other physical details illustrations
500 ## - GENERAL NOTE
General note Includes index<br/>"From the collections of the National Museum of the Republic of Indonesia"
501 ## - WITH NOTE
With note --Jacket cover.
520 ## - SUMMARY, ETC.
Summary, etc. This is a collection of essays and illustrations that presents a selection of art treasures from Indonesia's prehistoric, classic, Islamic and colonial periods. The objets d'art featured include the most important elements of the collection of the National Museum of Indonesia. The artefacts have special significance as venerated objects which are handed down from generation to generation, and are known by the Indonesian word pusaka. Among the people of central Java, pusaka are invested with the power to protect, heal, avenge and even to confer the right to rule.
650 ## - SUBJECT ADDED ENTRY--TOPICAL TERM
Topical term or geographic name entry element Indonesian art
Form subdivision Prehistory
650 ## - SUBJECT ADDED ENTRY--TOPICAL TERM
Topical term or geographic name entry element Performing Arts
Geographic subdivision Southeast Asia
650 ## - SUBJECT ADDED ENTRY--TOPICAL TERM
Topical term or geographic name entry element classical era
Geographic subdivision Indonesia
942 ## - ADDED ENTRY ELEMENTS (KOHA)
Koha item type Book
Source of classification or shelving scheme Dewey Decimal Classification
Suppress in OPAC No
Holdings
Date last seen Total checkouts Full call number Barcode Price effective from Koha item type Lost status Damaged status Not for loan Collection Withdrawn status Home library Current library Shelving location Date acquired Cost, normal purchase price
10/26/2021   709.598 SIM 1716 10/26/2021 Book       Fine Arts   Marium Abdulla Library Marium Abdulla Library Non-Ref 03/12/2008 2000.00